000 00477nam a2200181Ia 4500
003 IN-BaIIA
008 211028s9999 xx 000 0 eng d
040 _cIIA Library
080 _a681.846.7
_bSPR
100 _aSpratt, H. G. M
_98167
245 0 _aMagnetic tape recording
_cH. G. M. Spratt
260 _aLondon
_bHeywood
_c1958
300 _a319p.
650 _a Magnetic Recording 
_98168
650 _a Tape Recording
_98169
650 _aNASA Thesaurus 
942 _cBK
999 _c4623
_d4623